The Jam - Town Called Malice Lyrics - Statistics

General Stats
  • This quiz has been taken 20 times
  • The average score is 18 of 34
Answer Stats
Lyrics % Correct
'Cos it's the one we'll {never} know
88%
And...stop apologising for the {things} you've never done
82%
Better stop {dreaming} of the quiet life
82%
In a town {called} Malice
82%
In this town called {Malice}
82%
In a town called {Malice}
76%
In this town called {Malice}
76%
In this town called {Malice}
76%
And a hundred lonely {housewives}
65%
But it's up to us to {change}
65%
'Cos {time} is short and life is cruel
65%
Hanging out their old love {letters} on the line to dry
65%
{This} town called Malice
65%
And quit running for that {runaway} bus
59%
Clutch empty milk bottles to their {hearts}
59%
It's a big {decision} in a town called Malice
59%
It's enough to {make} you stop believing
59%
Just {going} 'round and 'round, oh
53%
When {tears} come fast and furious
47%
Gets dashed {against} the Co-op
41%
I could go on for {hours} and I probably will
41%
{Struggle} after {struggle}, year after year
41%
'Cos those {rosey} days are few
35%
It's at the moment bound for {nowhere}
35%
A {whole} street's belief in Sunday's roast beef
29%
I'm {almost} stone cold dead
29%
Rows and rows of disused milk {floats}
29%
Stand {dying} in the dairy yard
29%
The atmosphere's a fine {blend} of ice
29%
The {ghost} of a steam train echoes down my track
29%
To {either} cut down on beer or the kids' new gear
29%
But I'd {sooner} put some joy back
24%
Playground kids and {creaking} swings
24%
{Lost} laughter in the breeze
18%
No matching quizzes found
Score Distribution
Percent of People with Each Score
Percentile by Number Answered
Your Score History
You have not taken this quiz